Sermón de las Siete Palabras / (Record no. 169050)

MARC details
000 -LEADER
campo de control de longitud fija 00900nam a2200253 i 4500
001 - NÚMERO DE CONTROL
campo de control 169050
003 - IDENTIFICADOR DE NÚMERO DE CONTROL
campo de control ES-MaACL
005 - FECHA Y HORA DE LA ÚLTIMA TRANSACCIÓN
campo de control 20250812062532.0
008 - DATOS DE LONGITUD FIJA--INFORMACIÓN GENERAL
campo de control de longitud fija 080805s1953 sp f |||| | spa d
080 ## - NÚMERO DE LA CLASIFICACIÓN DECIMAL UNIVERSAL
Número de la Clasificación Decimal Universal 252:232.96
100 1# - ENTRADA PRINCIPAL--NOMBRE DE PERSONA
Nombre de persona Sopeña Ibáñez, Federico,
Fechas asociadas al nombre 1917-1991
9 (RLIN) 107321
245 10 - MENCIÓN DEL TÍTULO
Título Sermón de las Siete Palabras /
Mención de responsabilidad, etc. Federico Sopeña Ibáñez.
260 ## - PUBLICACIÓN, DISTRIBUCIÓN, ETC.
Lugar de publicación, distribución, etc. Madrid :
Nombre del editor, distribuidor, etc. Ateneo,
Fecha de publicación, distribución, etc. 1953.
300 ## - DESCRIPCIÓN FÍSICA
Extensión 52 p. :
Otras características físicas [1] h. de lám. ;
Dimensiones 19 cm.
490 1# - MENCIÓN DE SERIE
Mención de serie Colección "O crece o muere" ;
Designación de volumen o secuencia 48
594 ## - Nota al título y mención de responsabilidad
Nota al título y mención de responsabilidad El original fue dado a conocer por el autor, a través de Radio Madrid, el día de Viernes Santo de 1953.
600 04 - PUNTO DE ACCESO ADICIONAL DE MATERIA--NOMBRE DE PERSONA
Nombre de persona Jesucristo-
Subdivisión general Siete palabras.
9 (RLIN) 138139
710 2# - ENTRADA AGREGADA--NOMBRE DE ENTIDAD CORPORATIVA
Nombre de entidad corporativa o nombre de jurisdicción como elemento de entrada Ateneo de Madrid.
9 (RLIN) 1875
830 00 - PUNTO DE ACCESO ADICIONAL DE SERIE-TÍTULO UNIFORME
Título uniforme Colección "O crece o muere"
Designación de volumen o secuencia 48
9 (RLIN) 183476
852 ## - LOCALIZACIÓN
Ubicación ES-MaACL
Número de control de estantería J-24(48)
852 ## - LOCALIZACIÓN
Ubicación ES-MaACL
Número de control de estantería J-25(48)
852 ## - LOCALIZACIÓN
Ubicación ES-MaACL
Número de control de estantería 1543-F-20
Holdings
Estatus retirado Estado de pérdida Estado de daño No para préstamo Biblioteca de origen Biblioteca actual Ubicación en estantería Fecha de adquisición Fuente de adquisición Total de préstamos Signatura topográfica completa Código de barras Visto por última vez Precio de reemplazo Tipo de ítem Koha Colección
        Biblioteca del Ateneo de Madrid Biblioteca del Ateneo de Madrid Depósito 2 05/08/2008     J-25(48) 1177439 23/02/2023 23/02/2023 Libro impreso  
        Biblioteca del Ateneo de Madrid Biblioteca del Ateneo de Madrid Depósito 2 05/08/2008     J-24(48) 1177438 23/02/2023 23/02/2023 Libro impreso  
        Biblioteca del Ateneo de Madrid Biblioteca del Ateneo de Madrid Depósito folletos 22/11/2019     1543-F-20 1201276 23/02/2023 23/02/2023 Folleto Colección de folletos